[Event "Yingmei Cup CHN-chT 2017"]
[Site "?"]
[Date "2017.05.24"]
[Round "6"]
[White "Wei, Yi"]
[Black "Peng, Xiongjian"]
[Result "1-0"]
[WhiteElo "2727"]
[BlackElo "2423"]
[Annotator "TA"]
[PlyCount "119"]
[EventDate "2017.??.??"]
[SourceTitle "Jinhua-Lanxi"]

1. Nf3 Nf6 2. d4 d5 3. Bf4 c6 4. e3 Qb6 5. b3 Bf5 (5... Nh5 6. Bg5 h6 7. Bh4
Nd7 8. Ne5 Nxe5 9. Qxh5 Ng4 10. Bg3 g6 11. Qh4 Bg7 {0-1 (11) Bareev,E (2669)
-Nakamura,H (2816) Las Vegas 2015}) 6. Be2 {[%emt 0:00:03] LiveBook: 7 Games.
D02:1 d4 d5 2 Nf sidelines, including 2...Nf6 3 g3 and 2...Nf6 3 Bf4} (6. Bd3
$5 e6 7. Bxf5 exf5 8. O-O $14) 6... Qa5+ 7. c3 $146 ({Predecessor:} 7. Nfd2 c5
8. O-O Nc6 9. c3 e6 10. dxc5 Qxc5 11. b4 Qe7 {1-0 (51) Rajlich,I (2425)
-Slobodjan,R (2575) Koszalin 1998}) 7... e6 8. O-O {The position is equal.} Ne4
9. Qe1 (9. Nh4 $14) 9... Be7 10. Ne5 O-O (10... g5 $1 $15 11. f3 Nxc3 12. Nxc3
(12. Qxc3 Qxc3 13. Nxc3 gxf4 $15) 12... gxf4 13. exf4 Nd7) 11. g4 Bg6 (11... f6
$11 12. gxf5 fxe5 13. Bxe5 exf5) 12. f3 $36 {White has good play.} Nd6 13. Nxg6
hxg6 14. Qg3 (14. c4 $14 Qxe1 15. Rxe1) 14... Qd8 $11 15. Bd3 Bh4 16. Qh3 {
Hoping for Bxd6.} Bg5 17. Bxg5 Qxg5 18. f4 Qe7 19. Nd2 f5 ({Black should play} 
19... Nd7 $14) 20. c4 Nd7 21. c5 Ne4 {[#]} 22. Nf3 $1 Kf7 23. Qg2 Rh8 24. b4 a6
25. a4 Nef6 26. g5 Ne4 27. Rfb1 Ra7 28. Rb3 Rha8 29. Rab1 Qd8 30. Bf1 Kg8 31.
R1b2 Kh7 32. h4 Kg8 33. Qh2 Qe8 34. Ne1 b5 (34... Kf7 $16) 35. Ra3 $18 Rb7 36.
Nd3 Rba7 37. Rba2 bxa4 38. Qc2 Qb8 39. Rxa4 ({Resist} 39. Qxa4 Qc7 $16) 39...
Kf7 40. Ne1 Qh8 41. Ng2 Nb8 42. Be2 Ng3 43. Bd3 Qh5 44. Kh2 Ne4 45. Be2 Qh8 46.
Qc1 Qc8 {[#]} (46... Rb7 {was worth a try.} 47. Qa1 Raa7) 47. Ne1 $1 Qh8 48.
Nf3 Ke7 49. Qe1 Nd7 {[#]} 50. b5 $1 cxb5 {[#]} (50... axb5 51. Rxa7) 51. Bxb5
$1 Rb8 $2 (51... Qc8 52. Bxd7 Rxd7) (51... axb5 52. Rxa7) 52. Bxd7 {White is
clearly winning.} Rxd7 53. Ne5 Ke8 54. Nxd7 Rb1 55. Rxa6 {White wants to mate
with Ne5!} Rxe1 56. Ra8+ Kxd7 57. Rxh8 Rxe3 58. Ra7+ Kc6 59. Rb8 Nxc5 60. dxc5
{Precision: White = 76%, Black = 31%.} 1-0

[Event "Yingmei Cup CHN-chT 2017"]
[Site "?"]
[Date "2017.05.24"]
[Round "6"]
[White "Wang, Hao"]
[Black "Wang, Yue"]
[Result "1/2-1/2"]
[WhiteElo "2690"]
[BlackElo "2706"]
[Annotator "TA"]
[PlyCount "62"]
[EventDate "2017.??.??"]
[SourceTitle "Jinhua-Lanxi"]

1. e4 e5 2. Nf3 Nf6 3. Nxe5 d6 4. Nf3 Nxe4 5. Nc3 Nxc3 6. dxc3 Be7 7. Be3 Nc6
8. Qd2 Be6 9. O-O-O {C42: Petroff Defence: 3 Nxe5 and unusual White 3rd moves}
Qd7 10. h4 (10. b3 O-O-O 11. Nd4 a6 12. Nxe6 fxe6 13. g3 d5 14. Bh3 Kb8 15.
Rhe1 Rhe8 16. f4 Bf6 {1/2-1/2 (34) Vachier Lagrave,M (2804)-Caruana,F (2823)
London 2016}) 10... h6 11. Kb1 {LiveBook: 9 Games. The position is equal.}
O-O-O 12. Nd4 Nxd4 13. Bxd4 Rhg8 14. Qe3 Rde8 15. c4 ({Weaker is} 15. Bxa7 Qa4
$17) 15... a6 $146 ({Predecessor:} 15... Qc6 16. Bd3 Bxc4 17. Bf5+ Be6 18. Bh7
Rh8 19. Be4 d5 20. Bd3 h5 21. Bxg7 Rhg8 22. Bd4 Bd6 23. Qf3 {1/2-1/2 (23)
Boehnke,H (1973)-Priebe, R (2036) GER email 2006}) 16. Qc3 g6 17. b3 h5 18. g3
Bg4 19. f3 Bf5 20. Rh2 Kb8 21. a4 Bf8 22. Rhd2 Bh6 23. f4 Bf8 24. Bg2 Be4 25.
Bxe4 Rxe4 26. c5 (26. Qf3 $5 Qc6 27. f5 $11) 26... Re6 ({Black should try} 
26... Qc6 $11) 27. Be5 $14 Be7 28. Qf3 Rd8 29. cxd6 Bxd6 30. Bxd6 Rxd6 31. Rxd6
cxd6 {Precision: White = 66%, Black = 62%.} 1/2-1/2

[Event "Yingmei Cup CHN-chT 2017"]
[Site "?"]
[Date "2017.05.24"]
[Round "6"]
[White "Ni, Hua"]
[Black "Bu, Xiangzhi"]
[Result "1/2-1/2"]
[WhiteElo "2674"]
[BlackElo "2713"]
[Annotator "TA"]
[PlyCount "55"]
[EventDate "2017.??.??"]
[SourceTitle "Jinhua-Lanxi"]

1. d4 Nf6 2. c4 e6 3. Nf3 b6 4. g3 Bb7 5. Bg2 Bb4+ 6. Bd2 c5 7. O-O O-O {
LiveBook: 96 Games} 8. Qb3 {E16: Queen's Indian: 4 g3 Bb7 5 Bg2 Bb4+} (8. Bxb4
cxb4 9. Qd3 a5 10. Nbd2 d6 11. Rfd1 Qc7 12. Ne1 Bxg2 13. Nxg2 Nc6 14. Ne3 Ne7
15. a3 bxa3 16. bxa3 Rac8 {1-0 (70) Artemiev,V (2674)-Cordova,E (2610) Moscow
2016}) 8... a5 $146 ({Predecessor:} 8... Qe7 9. Bg5 cxd4 10. Bxf6 gxf6 11. Nxd4
Bxg2 12. Kxg2 Nc6 13. Nxc6 dxc6 14. Qf3 Rac8 15. Nc3 f5 {0-1 (85) Huang,Q 
(2439)-Hou,Y (2570) China 2010}) 9. Rd1 (9. Bc3 {is interesting.} d5 10. a3
dxc4 11. Qxc4 cxd4 12. Bxd4 Bd6 13. Bxf6 Qxf6 14. Nc3) 9... d5 10. dxc5 Bxc5
11. cxd5 Qxd5 12. Qxd5 Nxd5 13. Nc3 Nd7 14. Nxd5 {The position is equal.} Bxd5
15. Ne1 Bxg2 16. Kxg2 Rfd8 17. Nd3 Bd4 18. Rac1 Nc5 19. Nxc5 Bxc5 20. Kf3 Kf8
21. Be3 Bxe3 22. Kxe3 Rxd1 23. Rxd1 $11 {KR-KR} Ke7 24. Rc1 Kd6 25. Rd1+ Ke7
26. Rc1 Kd6 27. Rd1+ Ke7 28. Rc1 {Precision: White = 43%, Black = 92%.} 1/2-1/2

[Event "Yingmei Cup CHN-chT 2017"]
[Site "?"]
[Date "2017.05.24"]
[Round "6"]
[White "Ma, Qun"]
[Black "Xu, Xiangyu"]
[Result "1-0"]
[WhiteElo "2637"]
[BlackElo "2503"]
[Annotator "TA"]
[PlyCount "69"]
[EventDate "2017.??.??"]
[SourceTitle "Jinhua-Lanxi"]

1. e4 e5 2. Nf3 Nf6 3. Nxe5 d6 4. Nf3 Nxe4 5. d4 d5 6. Bd3 Bd6 7. c4 c6 8. O-O
O-O 9. Qc2 Na6 10. a3 Bg4 {[#] Threatens to win with ...Bxf3.} 11. Ne5 {
C42: Petroff Defence: 3 Nxe5 and unusual White 3rd moves} Bxe5 (11... Bf5 12.
Nc3 Bxe5 13. dxe5 Nac5 14. cxd5 Nxd3 15. Qxd3 Nxc3 16. Qxf5 Nxd5 17. Bd2 Qb6
18. Qc2 Rae8 {1-0 (91) Carlsen,M (2815)-Kramnik,V (2785) Monte Carlo 2011}) 12.
dxe5 Nac5 13. f3 {aiming for cxd5.The position is equal.} Nxd3 14. Qxd3 Nc5 15.
Qd4 $1 Nb3 16. Qxg4 {Hoping for Bh6!} Nxa1 17. Bh6 $1 g6 $1 18. Bxf8 Qxf8 19.
cxd5 {[#] Black must now prevent d6.} Nc2 $146 (19... Qc5+ $11 20. Kh1 Nc2) ({
Predecessor:} 19... Qc5+ 20. Kh1 Nc2 21. Qd7 Ne3 22. e6 Nxf1 23. Qxf7+ Kh8 24.
Qf6+ Kg8 25. Qf7+ {1/2-1/2 (25) Timofeev,A (2650)-Wang,H (2624) Nizhnij
Novgorod 2007}) 20. d6 $1 $36 {White has good play.} Ne3 {[#]} 21. Qf4 $1 Nxf1
22. Kxf1 $16 {Endgame KQR-KQN} Qc8 23. Nc3 {White has strong compensation.} Qe6
24. Kf2 h6 (24... f5 $16 {keeps fighting.}) 25. Ne4 $18 Kg7 26. h4 Re8 27. Nf6
Rh8 28. Ng4 h5 $2 (28... a5 29. h5 Qf5) 29. Qf6+ {White is clearly winning.}
Kh7 30. Qxe6 fxe6 31. Nf6+ Kg7 32. Ne4 Kf7 33. Ng5+ Ke8 34. Nxe6 b6 35. Ng5 {
Precision: White = 93%, Black = 35%.} 1-0

[Event "Yingmei Cup CHN-chT 2017"]
[Site "?"]
[Date "2017.05.24"]
[Round "6"]
[White "Sethuraman, S P."]
[Black "Li, Yankai"]
[Result "0-1"]
[WhiteElo "2619"]
[BlackElo "2392"]
[Annotator "TA"]
[PlyCount "82"]
[EventDate "2017.??.??"]
[SourceTitle "Jinhua-Lanxi"]

1. e4 c5 2. Nf3 e6 3. d4 cxd4 4. Nxd4 Nc6 5. Nc3 Qc7 6. Be3 a6 7. a3 Nf6 8. Be2
Be7 9. f4 d6 10. Qd2 O-O 11. O-O-O Nxd4 {B48: Sicilian: Taimanov: 5 Nc3 Qc7 6
Be3 a6 without Be2} 12. Qxd4 e5 13. Qd2 b5 {The position is equal.} 14. f5 (14.
g4 $5) (14. g4 Bb7 15. Bf3 b4 16. axb4 Qc4 17. Qd3 Qxb4 18. g5 Nd7 19. f5 {
0-1 (37) Talla,V (2483)-Macieja,B (2612) Lublin 2009}) 14... Bb7 15. Bf3 Rfd8
16. Qf2 {With the idea Bb6.} Qc4 17. Be2 (17. Qf1 $11) 17... Qc8 $146 {Black
is really pushing.} ({Worse is} 17... Nxe4 18. Nxe4 Qa2 19. Nc3 $16) ({
Predecessor:} 17... Qc6 18. Nd5 {0-1 (42) Tsekov,S (2097)-Bojchev,M (2214)
Kazanlak 2005}) 18. Bf3 a5 $1 {And now ...b4 would win.} 19. Nxb5 Nxe4 20. Bxe4
Bxe4 {[#]} 21. f6 $1 gxf6 {White must now prevent ...Qb7.} (21... Bxf6 22. Nxd6
) 22. Rhe1 (22. Nc3 $1 $15 Bg6 23. Bb6) 22... d5 $2 (22... Rb8 $1 $19 23. Nc3
Bg6) 23. Nc3 (23. Bb6 $1 $11) 23... Qe6 {Hoping for ...Bg6.} 24. Bc5 $2 (24.
Nxe4 $17 dxe4 25. Rxd8+ (25. Qg3+ Kh8 $17) 25... Rxd8 26. Kb1) 24... Bxc5 $19
25. Qxc5 {[#]} f5 (25... Bxc2 $1 $19 26. Kxc2 d4) 26. Nxe4 $17 fxe4 ({Don't
play} 26... dxe4 27. Rxd8+ Rxd8 28. Qxa5 $15) 27. Kb1 f5 28. g4 $2 (28. g3 {
was necessary.}) 28... f4 $19 29. c4 dxc4 30. Rxd8+ Rxd8 31. Qxa5 {Endgame
KQR-KQR} (31. Rxe4 $142 Rd1+ 32. Kc2) 31... Qd5 32. Qb4 e3 33. Qe7 Qd6 34. Qh4
{[#]} c3 $1 35. Ka2 (35. bxc3 Rb8+) 35... Qe6+ {Black mates.} 36. Kb1 Qg6+ 37.
Ka2 Rd2 38. Rb1 c2 39. Rc1 Rd1 40. Rxc2 Qxc2 41. Qg5+ Qg6 {Precision: White =
13%, Black = 57%.} 0-1

[Event "Yingmei Cup CHN-chT 2017"]
[Site "?"]
[Date "2017.05.24"]
[Round "6"]
[White "Zhou, Jianchao"]
[Black "Zhao, Jun"]
[Result "0-1"]
[WhiteElo "2613"]
[BlackElo "2616"]
[Annotator "TA"]
[PlyCount "80"]
[EventDate "2017.??.??"]
[SourceTitle "Jinhua-Lanxi"]

1. c4 Nf6 2. Nf3 e6 3. Nc3 c5 4. g3 b6 5. Bg2 Bb7 6. O-O Be7 7. Re1 d5 8. cxd5
Nxd5 9. Nxd5 {A30: Symmetrical English: Double Fianchetto and Hedgehog} (9. d4
cxd4 10. Qa4+ Qd7 11. Qxd7+ Nxd7 12. Nxd4 N7f6 13. Ncb5 O-O 14. e4 Nb4 15. a3
Nd3 16. Rd1 Nc5 {1-0 (48) Aronian,L (2785)-Ivanchuk,V (2747) Doha 2016}) 9...
Qxd5 10. d4 cxd4 11. Qxd4 Qxd4 12. Nxd4 Bxg2 13. Kxg2 {LiveBook: 3 Games} Nd7
14. Be3 Nf6 $146 ({Predecessor:} 14... Bf6) 15. Nc6 Nd5 16. Rac1 (16. Bd4 {
keeps more tension.} Bf6 17. Bxf6 Nxf6 18. Rac1 O-O 19. f4) 16... Nxe3+ 17.
fxe3 Bc5 18. Rc3 a5 19. Rd1 O-O 20. Kf3 Rfc8 21. Ne5 Be7 22. Rxc8+ Rxc8 $11 {
Endgame KRB-KRN} 23. Rd7 Bf6 $1 24. Nd3 Kf8 25. Rb7 Bd8 26. Ne5 Ke8 $1 27. Nxf7
{[#]} (27. b3 $11) 27... Bc7 $1 $17 28. Ng5 $1 Kd7 {Black has strong
compensation.} 29. a4 $2 {[#]} ({Less strong is} 29. Nxh7 Rh8 $11) (29. b4 $17
h6 30. bxa5) 29... h6 $1 $19 30. Ne4 Rf8+ 31. Kg4 Kc8 32. Ra7 (32. Nd6+ {
was the only chance.} Bxd6 33. Rxb6) 32... Kb8 33. Rxc7 ({But not} 33. Ra6 Kb7
$19) 33... Kxc7 {KR-KN} 34. Kh5 {[#]} b5 $1 35. axb5 Rf5+ 36. Kg6 Rxb5 37. Kxg7
Rxb2 38. Kxh6 a4 39. Nc3 a3 40. g4 Kd7 {Precision: White = 30%, Black = 87%.}
0-1

[Event "Yingmei Cup CHN-chT 2017"]
[Site "?"]
[Date "2017.05.24"]
[Round "6"]
[White "Zhou, Weiqi"]
[Black "Xu, Minghui"]
[Result "1-0"]
[WhiteElo "2606"]
[BlackElo "2283"]
[Annotator "TA"]
[PlyCount "223"]
[EventDate "2017.??.??"]
[SourceTitle "Jinhua-Lanxi"]

1. d4 d5 2. c4 c6 3. Nf3 Nf6 4. Nbd2 g6 5. g3 Bg7 6. Bg2 O-O 7. O-O Bf5 8. b3
Ne4 9. Bb2 Nd7 10. Nh4 Nxd2 11. Qxd2 Be6 12. cxd5 cxd5 13. Qb4 {D78:
Fianchetto Grünfeld: 6 0-0 c6} a5 (13... Qb6 $5 14. Qa3 Rfc8 $11) 14. Qxb7 a4
15. Qb5 {[#] The position is equal.} axb3 $146 16. Qxb3 Rb8 17. Qa3 Nb6 {
And now ...Nc4 would win.} (17... Ra8 $5 18. Qd3 Nb6 $11) 18. Qd3 Na4 19. Ba3 (
19. Bc3 $5) 19... Nb2 20. Qc3 Nc4 21. e3 Qd7 22. Bb4 Rfc8 23. a3 Bh3 (23... Bg4
$11) 24. Nf3 $14 e5 25. dxe5 Bxg2 26. Kxg2 Qf5 27. Qb3 Qe4 28. Rad1 Bxe5 29.
Qd3 Rb5 30. Qxe4 dxe4 31. Nd2 Nb2 32. Rc1 ({But not} 32. Nxe4 $6 Nxd1 33. Rxd1
f5 $11) 32... Rcb8 33. Nxe4 {Strongly threatening f4.} Nd3 34. Rb1 f5 35. Nd2
Nxb4 36. axb4 Rxb4 37. Rxb4 Rxb4 38. Rb1 (38. Rc1 {feels hotter.} Rb7 39. Rc5
Bf6 40. h4 Rb2 41. Nf3) 38... Rxb1 39. Nxb1 {Endgame KB-KN} Kf7 40. Nd2 Bf6 41.
Kf3 h5 42. h4 Ke6 43. Ke2 Be7 44. Nf3 Bf6 45. Kd3 Kf7 46. Kc4 Kg7 47. Kd5 Bc3
48. Ne5 Kf6 49. Nd3 Bd2 50. Kd4 Ba5 51. Nf4 Be1 {[#]} 52. Nh3 $1 Bb4 53. Kd3
Bc5 54. Nf4 Bd6 55. Kd4 Be5+ 56. Kc4 Bd6 57. Nd3 Bc7 58. Kd5 Ba5 59. f3 ({
White should try} 59. Nf4 $16) 59... Bc7 $11 60. Nf4 Bb8 61. Ne2 Ba7 62. Nd4
Bb8 63. f4 Bc7 64. e4 fxe4 65. Kxe4 Bb6 66. Nc2 Bf2 67. Kf3 Bc5 68. Ne3 Ke6 69.
Nc4 Kf6 70. Ne5 Bd4 71. Nd3 Bb6 72. Ke4 Ba7 73. f5 gxf5+ 74. Kd5 Kg6 75. Ke6
Kh6 76. Kxf5 Bb6 77. Ne5 Bf2 78. Kf4 Be1 79. Nf3 Bb4 80. Ke5 Kg6 81. Ke6 Bc5
82. Ne5+ Kh6 83. Kf6 Bd4 84. Kf5 Bf2 85. Kf4 Be1 86. Nf3 (86. Nd3 $5 Ba5 87.
Kf5 $16) 86... Bf2 87. Ng5 Kg6 88. Kf3 Bb6 89. Ne6 Kh6 90. Nf8 Bc5 91. Ne6 Bb6
92. Nf4 Bc5 93. Ke4 Bf2 94. Ne2 Kg6 95. Ke5 Be1 96. Ke6 Bf2 97. Ke5 Be1 98. Ke4
Bf2 99. Kf4 Be1 100. Nd4 Bf2 101. Nf5 Be1 102. Ne7+ Kf6 103. Nd5+ Kg6 104. Kf3
Kh6 105. Ne7 Kg7 106. Kf4 {Hoping for Kg5.} Kf6 107. Nd5+ Kg6 108. Kf3 Kh6 109.
Ne3 Kg6 110. Ng2 Bb4 111. Ke4 Be1 $2 {[#]} (111... Kh6 $11) 112. Nxe1 {
Precision: White = 62%, Black = 78%.} 1-0

[Event "Yingmei Cup CHN-chT 2017"]
[Site "?"]
[Date "2017.05.24"]
[Round "6"]
[White "Bai, Jinshi"]
[Black "Liu, Guanchu"]
[Result "1-0"]
[WhiteElo "2585"]
[BlackElo "2437"]
[Annotator "TA"]
[PlyCount "53"]
[EventDate "2017.??.??"]
[SourceTitle "Jinhua-Lanxi"]

1. Nf3 f5 2. d3 Nc6 3. e4 e5 4. d4 (4. g3 Nf6 5. Bg2 fxe4 6. dxe4 Bc5 7. Nc3
O-O 8. O-O a6 9. Nd5 Nxe4 10. Qe2 Nxf2 11. Qc4 Ba7 12. Bg5 b5 13. Ne7+ Kh8 14.
Ng6+ {1-0 (14) Van Wely,L (2657)-L'Ami,E (2650) Amsterdam 2014}) 4... exd4 5.
Nxd4 fxe4 $146 ({Predecessor:} 5... Qe7 6. Nxf5 Qxe4+ 7. Ne3 Ne5 8. Be2 Nf6 9.
O-O Bc5 10. Nc3 Qc6 11. f4 Nc4 12. Bxc4 Bxe3+ 13. Bxe3 Qxc4 {1-0 (22) Ernst,S 
(2554)-Liu,G (2418) Groningen 2016}) 6. Nxc6 {C40: Latvian and Elephant Gambits
} bxc6 7. Qh5+ Ke7 8. Nc3 Nf6 9. Bg5 {LiveBook: 5 Games} Qe8 10. Bxf6+ gxf6 11.
Qa5 Kd8 12. O-O-O Qe6 13. Ba6 Rg8 14. Bxc8 Rxc8 15. Rhe1 f5 16. g3 Bg7 17. f3
Be5 (17... Re8 $11 {keeps the balance.}) 18. fxe4 $16 f4 19. gxf4 Bxf4+ 20. Kb1
Be5 {[#]} 21. Na4 $1 $36 {White has strong initiative.} ({Resist} 21. Qxa7 $6
Bxc3 22. bxc3 Qe5 $14) 21... d6 (21... Rb8 {was called for.}) 22. Nc5 $18 ({
Less strong is} 22. Qxa7 Rg2 $16) 22... Qc4 {[#]} 23. Nd3 $1 Bxh2 $2 (23... Rg2
24. c3 Bxc3 25. Qxc3 (25. bxc3 Rb8+ 26. Ka1 Rb5 $14) 25... Qxc3 26. bxc3 Rb8+
27. Ka1 Rb5) 24. Qh5 {White is clearly winning.} Bg3 25. Re3 Qb5 (25... Rb8
$142 26. Qxh7 Rg5) 26. e5 {Intending Qf7 and mate.} Qc4 27. e6 {Precision:
White = 75%, Black = 26%.} 1-0

[Event "Yingmei Cup CHN-chT 2017"]
[Site "?"]
[Date "2017.05.24"]
[Round "6"]
[White "Gao, Rui"]
[Black "Li, Di"]
[Result "1-0"]
[WhiteElo "2543"]
[BlackElo "2485"]
[Annotator "TA"]
[PlyCount "103"]
[EventDate "2017.??.??"]
[SourceTitle "Jinhua-Lanxi"]

1. e4 e5 2. Nf3 Nf6 3. Nc3 Nc6 4. Bb5 Bb4 5. O-O O-O 6. d3 Bxc3 7. bxc3 d6 8.
Bg5 Bd7 9. Rb1 Rb8 {C49: Four Knights: 4 Bb5 Bb4} 10. d4 a6 11. Bd3 h6 {
White has an edge.} 12. Bh4 Kh8 $146 ({Predecessor:} 12... Bg4 13. h3 Bxf3 14.
Qxf3 exd4 15. cxd4 Nxd4 16. Qe3 Nc6 17. f4 {1-0 (28) Short,N (2676)-Illner, A 
(2353) Pattaya 2011}) 13. d5 Na5 14. c4 g5 $2 {[#]} ({Black should play} 14...
Qe7 $14) 15. Nxg5 $1 $18 hxg5 16. Bxg5 Rg8 17. f4 exf4 18. Bxf4 Qe7 19. Bd2 $2
(19. Qe1 $18 {Black must now prevent Qh4+.} Nh5 20. Qxa5) 19... Nxc4 $1 $15 20.
Bxc4 (20. Rxf6 $1 $15 Qxf6 21. Bxc4) 20... Qxe4 $4 (20... Rxg2+ $1 $17 {
keeps the pressure on.} 21. Kxg2 Rg8+ 22. Kh1 Bh3) 21. Qf3 $16 Qxf3 22. Rxf3
Ne4 {[#]} (22... b5 $16) 23. Be3 $1 $18 f5 24. Bd3 Rg4 25. Ba7 Nd2 26. Rh3+ Kg7
$2 (26... Kg8 27. Rb2 (27. Bxb8 Nxb1 28. Be2 Rb4 $16) 27... Re8) 27. Rd1 ({
Weaker is} 27. Bxb8 Nxb1 28. Bxc7 Nc3 $16) 27... Ra8 28. Rxd2 Rxa7 {[#]} 29.
Re2 $1 Bb5 30. Re7+ Kf6 31. Rxc7 $2 (31. Re6+ $18 {has better winning chances.}
Kg7 32. Bxf5) 31... Bxd3 $16 32. Rxd3 $18 {Endgame KRR-KRR} Ra8 (32... Rg7 $16
{keeps fighting.} 33. Rxg7 Kxg7) 33. Rd7 Re8 34. Rxd6+ Kg5 35. h3 Rc4 36. c3
Rec8 37. Rb6 Rxc3 38. Rxc3 Rxc3 39. Rxb7 {KR-KR} Rc1+ 40. Kh2 Rc2 41. Rb3 Rxa2
$2 (41... Rd2 42. Rg3+ Kh4) 42. Rd3 {White is clearly winning.} Rb2 43. d6 Rb8
44. d7 Rd8 45. Kg3 a5 46. h4+ Kf6 47. Kf4 a4 48. h5 Ke6 49. h6 Kf6 50. h7 Kg7
51. Kxf5 a3 52. Ke4 $2 {Precision: White = 65%, Black = 34%. . Sensor Board
Error (Ke4/e5) ?} (52. Rg3+ $18 Kxh7 53. Ke6) 1-0

[Event "Yingmei Cup CHN-chT 2017"]
[Site "?"]
[Date "2017.05.24"]
[Round "6"]
[White "Zeng, Chongsheng"]
[Black "Gordievsky, Dmitry"]
[Result "1/2-1/2"]
[WhiteElo "2536"]
[BlackElo "2611"]
[Annotator "TA"]
[PlyCount "103"]
[EventDate "2017.??.??"]
[SourceTitle "Jinhua-Lanxi"]

1. e4 c5 2. Nc3 Nc6 3. Nf3 e5 4. Bc4 Be7 5. d3 d6 6. Nd2 Nf6 7. Nf1 Bg4 8. f3
Be6 9. Ne3 O-O 10. O-O Rb8 11. a4 {B30: Sicilian: 2...Nc6 3 Bb5, lines without
...g6} (11. Bd2 Nd4 12. a4 Nd7 13. Ned5 Nb6 14. Nxb6 Qxb6 15. b3 Qd8 16. Nd5
Bg5 17. f4 exf4 18. Bxf4 Bxf4 19. Nxf4 {1/2-1/2 (34) Leko,P (2751)-Radjabov,T 
(2761) Nice 2009}) 11... Nb4 12. Ncd5 Nbxd5 {LiveBook: 3 Games} 13. Nxd5 $146 (
{Predecessor:} 13. exd5 Bd7 14. f4 e4 15. d4 Qc8 16. Be2 Bd8 17. dxc5 Qxc5 18.
Kh1 b5 {1-0 (39) Naiditsch,A (2571)-Mamedyarov,S (2657) Antalya 2004}) 13...
Bxd5 14. Bxd5 Nxd5 15. exd5 Bg5 16. a5 Bxc1 17. Qxc1 Qh4 18. c3 Rbe8 19. Qe3 f5
20. b4 cxb4 21. Ra4 Qd8 22. Rxb4 Qxa5 23. Rxb7 Rf7 24. Rxf7 Kxf7 $11 {Endgame
KQR-KQR} 25. c4 Qc7 26. Rb1 f4 27. Qe4 g6 28. g3 fxg3 29. hxg3 a5 30. f4 exf4
31. Qxf4+ Kg8 32. Rf1 Qe7 (32... a4 {with more complications.} 33. Ra1 Rf8 34.
Qe3 Qb7 35. Qe2 Qb3) 33. Qf6 a4 {Hoping for ...Qxf6.} (33... Qd7 {looks
sharper.} 34. Rf2 a4 35. Kg2 a3 36. Ra2 Qg4) 34. Qxe7 Rxe7 {KR-KR} 35. Ra1 Ra7
36. Ra3 h5 37. Kf2 Kf7 38. Ke3 Kf6 39. Ke4 Kg5 40. c5 dxc5 41. d6 {Strongly
threatening Ke5.} Kf6 {And now ...Ke6 would win.} 42. Kd5 g5 43. Kxc5 (43. Ra1
$5) 43... Ke6 {aiming for ...Kd7.} 44. d4 Kd7 45. Rf3 {Intending Rf7+ and mate.
} Ra5+ 46. Kb4 Rd5 47. Kc4 $2 (47. Rd3 $11 {and White has nothing to worry.})
47... Rxd6 $19 48. Rf7+ {[#]} Ke6 $1 49. Ra7 {[#]} (49. Rh7 $142 Rc6+ 50. Kd3)
49... Rc6+ $2 (49... Kf5 $1 $19 {...Ke4 is the strong threat.} 50. Rxa4 Ke4)
50. Kd3 $11 {The position is equal.} Kf5 51. Rxa4 Rd6 52. Ra3 {Precision:
White = 61%, Black = 53%.} 1/2-1/2

[Event "Yingmei Cup CHN-chT 2017"]
[Site "?"]
[Date "2017.05.24"]
[Round "6"]
[White "Yu, Ruiyuan"]
[Black "Zhang, Ziji"]
[Result "1-0"]
[WhiteElo "2526"]
[BlackElo "2318"]
[Annotator "TA"]
[PlyCount "53"]
[EventDate "2017.??.??"]
[SourceTitle "Jinhua-Lanxi"]

1. e4 e5 2. Nf3 Nc6 3. d4 exd4 4. Nxd4 Bc5 5. Nb3 Bb6 6. Nc3 Nf6 {LiveBook:
254 Games} 7. Qe2 {Black should prevent e5. C45: Scotch Game} (7. Bg5 h6 8. Bh4
Qe7 9. Bc4 g5 10. Bg3 d6 11. Qe2 Bd7 12. O-O-O O-O-O 13. Rhe1 Ne5 14. Nd4 Rhe8
15. Bb3 Kb8 16. Kb1 {1-0 (46) Dominguez Perez,L (2739)-Fressinet,L (2672) Doha
2016}) 7... O-O 8. Bg5 Nd4 (8... h6 $5 9. Be3 Re8 $11) 9. Nxd4 {The position
is equal.} Bxd4 10. O-O-O Bxc3 $1 11. bxc3 Re8 (11... h6 $5 12. Bh4 d6 $11) 12.
e5 $36 {White has good play.} d5 $146 ({Predecessor:} 12... Qe7 13. Bxf6 gxf6
14. Qg4+ Kf8 15. exf6 Qxf6 {1/2-1/2 (41) Duda,J (2506)-Hracek,Z (2628) Poland
2013}) 13. Rd3 {Threatens to win with Rg3.} Bg4 (13... Qe7 $1 $11 {remains
equal.} 14. Bxf6 gxf6) 14. Qe3 $1 $16 {Black must now prevent Bxf6.} Bf5 {[#]}
(14... Qc8 $16) 15. Qf4 $1 $18 Bg6 16. exf6 h6 (16... c5 $142) 17. Bh4 Re4 18.
Qg3 Qf8 19. Rd4 ({And not} 19. Rxd5 Qa3+ 20. Kd2 Qxa2 $15) (19. Re3 $18) 19...
Re1+ (19... Qa3+ $16 {was necessary.} 20. Kd2 Qxa2 21. Rxe4 (21. Qxc7 $2 Re6
$19) 21... dxe4 22. fxg7 (22. Qxc7 e3+ 23. Kxe3 Qe6+ 24. Kf4 Bxc2 $16) 22...
e3+ 23. fxe3 Qxc2+ 24. Ke1 a5) 20. Kb2 Qe8 $2 (20... Qc5 {might work better.}
21. Qg4 {[#]} Rxf1 $1 22. Rxf1 Qb5+ 23. Ka1 (23. Rb4 Qxf1 24. fxg7 Kxg7 $11)
23... Qxf1+ 24. Rd1 Qa6) 21. a4 Qf8 22. f4 Rae8 23. f5 {White is clearly
winning.} R8e3 24. Qxc7 Ra1 25. Rb4 a5 26. Kxa1 axb4 27. fxg7 {Precision:
White = 66%, Black = 17%.} 1-0

[Event "Yingmei Cup CHN-chT 2017"]
[Site "?"]
[Date "2017.05.24"]
[Round "6"]
[White "Stefanova, Antoaneta"]
[Black "Huang, Qian"]
[Result "1/2-1/2"]
[WhiteElo "2510"]
[BlackElo "2450"]
[Annotator "TA"]
[PlyCount "80"]
[EventDate "2017.??.??"]
[SourceTitle "Jinhua-Lanxi"]

1. d4 d5 2. c4 c6 3. Nf3 Nf6 4. Nbd2 Bf5 5. Nh4 Bg6 (5... Be6 6. e3 g6 7. b3
Bg7 8. Bb2 O-O 9. Rc1 Ne4 10. Bd3 Nxd2 11. Qxd2 Nd7 12. cxd5 cxd5 {1/2-1/2 (87)
Mamedyarov,S (2756)-Gelfand,B (2747) Jurmala 2015}) 6. Qb3 {D11: Slav Defence:
3 Nf3 sidelines and 3...Nf6 4 e3 Bg4} Qc7 7. Nxg6 hxg6 8. g3 e6 9. Bg2 Nbd7 10.
O-O Be7 {LiveBook: 4 Games} 11. e4 dxe4 12. Nxe4 Nxe4 13. Bxe4 {[#]} O-O $146
14. Bf3 e5 15. Be3 exd4 16. Bxd4 Bf6 17. Be3 Ne5 18. Bg2 Rfd8 19. Rad1 Rxd1 20.
Rxd1 Ng4 21. Bc5 Be7 22. Bd4 Bf6 23. h3 Bxd4 24. Rxd4 Nf6 25. c5 Re8 26. Rd1 (
26. Bf3 {keeps more tension.} Nd7 27. Qc3 Ne5 28. Be4 g5 29. b4) 26... Re7 27.
Qa3 a6 28. b4 Qe5 29. Qb3 Qe2 30. Bf1 Qe5 31. Bc4 Qf5 32. Bxf7+ Kh7 (32... Rxf7
$11 {remains equal.} 33. Rd8+ Kh7 34. Qxf7 Qb1+ 35. Kh2 Qe1) 33. Bc4 (33. Rd4
$1 $16) 33... Qxh3 $11 34. Bf1 Qh5 $40 {White needs to defend precisely.} 35.
Bg2 $2 (35. Rd8 $1 $11 {and White is okay.}) 35... Ng4 $19 {...Re2 is the
strong threat.} 36. Qf3 $2 (36. Kf1) 36... Qh2+ $2 (36... Re6 $19 37. Qd3 Qh2+
38. Kf1 Ne3+ $1 39. Qxe3 Rxe3 40. fxe3 Qxg3) 37. Kf1 $11 Qh5 $1 38. Kg1 $2 (38.
Qd3 $11 {and White stays safe.}) 38... Qh2+ 39. Kf1 Qh5 $1 {( -> ...Nh2+)} 40.
Kg1 Qh2+ $2 {Precision: White = 31%, Black = 52%.} (40... Re6 $19 41. Qd3 Qh2+
42. Kf1 {[#]} Ne3+ $1 43. Qxe3 Rxe3 44. fxe3 Qxg3) 1/2-1/2